Problemas de econometría / (Record no. 27921)

MARC details
000 -LEADER
campo de control de longitud fija 00581nam a2200205 i 4500
001 - NÚMERO DE CONTROL
campo de control 27921
003 - IDENTIFICADOR DE NÚMERO DE CONTROL
campo de control ES-MaACL
005 - FECHA Y HORA DE LA ÚLTIMA TRANSACCIÓN
campo de control 20230906153730.0
007 - CAMPO FIJO DE DESCRIPCIÓN FÍSICA--INFORMACIÓN GENERAL
campo de control de longitud fija t|
008 - DATOS DE LONGITUD FIJA--INFORMACIÓN GENERAL
campo de control de longitud fija 030115s1980 sp ||||1| spa d
100 1# - ENTRADA PRINCIPAL--NOMBRE DE PERSONA
Nombre de persona Aznar Grasa, Antonio.
9 (RLIN) 24310
245 10 - MENCIÓN DEL TÍTULO
Título Problemas de econometría /
Mención de responsabilidad, etc. Antonio Aznar Grasa, Antonio García Ferrer.
260 ## - PUBLICACIÓN, DISTRIBUCIÓN, ETC.
Lugar de publicación, distribución, etc. Madrid :
Nombre del editor, distribuidor, etc. Pirámide,
Fecha de publicación, distribución, etc. [1980]
300 ## - DESCRIPCIÓN FÍSICA
Extensión 495 p. ;
Dimensiones 23 cm.
490 1# - MENCIÓN DE SERIE
Mención de serie Quantum
700 1# - ENTRADA AGREGADA--NOMBRE PERSONAL
Nombre de persona García Ferrer, Antonio.
9 (RLIN) 54611
830 0# - PUNTO DE ACCESO ADICIONAL DE SERIE-TÍTULO UNIFORME
Título uniforme Quantum
9 (RLIN) 181155
852 ## - LOCALIZACIÓN
Ubicación ES-MaACL
Número de control de estantería L-321
Sublocalización o colección R.100938
Holdings
Estatus retirado Estado de pérdida Estado de daño No para préstamo Biblioteca de origen Biblioteca actual Ubicación en estantería Fecha de adquisición Fuente de adquisición Total de préstamos Signatura topográfica completa Código de barras Visto por última vez Precio de reemplazo Tipo de ítem Koha
        Biblioteca del Ateneo de Madrid Biblioteca del Ateneo de Madrid Depósito 2 17/01/2008     L-321 1028828 23/02/2023 23/02/2023 Libro impreso